header

Mark it with a stone / (Record no. 92)

MARC details
000 -LEADER
fixed length control field 01081cam a2200289 a 4500
001 - CONTROL NUMBER
control field 1145961
003 - CONTROL NUMBER IDENTIFIER
control field OSt
005 - DATE AND TIME OF LATEST TRANSACTION
control field 20150917102559.0
008 - FIXED-LENGTH DATA ELEMENTS--GENERAL INFORMATION
fixed length control field 951201s1996 nyu 000 0aeng
010 ## - LIBRARY OF CONGRESS CONTROL NUMBER
LC control number 95051075
020 ## - INTERNATIONAL STANDARD BOOK NUMBER
International Standard Book Number 1569800685
040 ## - CATALOGING SOURCE
Original cataloging agency DLC
Transcribing agency DLC
Modifying agency DLC
043 ## - GEOGRAPHIC AREA CODE
Geographic area code e-pl---
050 00 - LIBRARY OF CONGRESS CALL NUMBER
Classification number DS135.P62
Item number R318 1996
082 00 - DEWEY DECIMAL CLASSIFICATION NUMBER
Classification number 940.53/18/092
-- B
Edition number 20
100 1# - MAIN ENTRY--PERSONAL NAME
Personal name Horn, Joseph,
Dates associated with a name 1926-
245 10 - TITLE STATEMENT
Title Mark it with a stone /
Statement of responsibility, etc Joseph Horn.
260 ## - PUBLICATION, DISTRIBUTION, ETC. (IMPRINT)
Place of publication, distribution, etc New York :
Name of publisher, distributor, etc Barricade Books,
Date of publication, distribution, etc c1996.
300 ## - PHYSICAL DESCRIPTION
Extent 223 p. ;
Dimensions 23 cm.
600 10 - SUBJECT ADDED ENTRY--PERSONAL NAME
Personal name Horn, Joseph,
Dates associated with a name 1926-
650 #0 - SUBJECT ADDED ENTRY--TOPICAL TERM
Topical term or geographic name as entry element Jews
General subdivision Persecutions
Geographic subdivision Poland
-- Radom (Województwo Mazowieckie)
Topical term or geographic name as entry element Holocaust, Jewish (1939-1945)
Geographic subdivision Poland
-- Radom (Województwo Mazowieckie)
General subdivision Personal narratives.
651 #0 - SUBJECT ADDED ENTRY--GEOGRAPHIC NAME
Geographic name Radom (Województwo Mazowieckie, Poland)
General subdivision Ethnic relations.
906 ## - LOCAL DATA ELEMENT F, LDF (RLIN)
a 7
b cbc
c orignew
d 1
e ocip
f 19
g y-gencatlg
942 ## - ADDED ENTRY ELEMENTS (KOHA)
Source of classification or shelving scheme Library of Congress Classification
Koha item type Long Loan Books
Holdings
Withdrawn status Lost status Source of classification or shelving scheme Damaged status Not for loan Collection code Home library Current library Shelving location Date acquired Total Checkouts Full call number Barcode Date last seen Price effective from Koha item type
    Library of Congress Classification     Non-fiction Rongo University Library Rongo University Library General Stacks 17/09/2015   DS135.P62 R318 1996 20154025 17/09/2015 17/09/2015 Long Loan Books

© 2026 Rongo University
Contact us: librarian | system librarian | Rongo university